| 000 | 00367nam a22001337a 4500 | ||
|---|---|---|---|
| 999 |
_c528281 _d528281 |
||
| 003 | NUST | ||
| 038 | _aMSOHAIL | ||
| 082 |
_a621.406 _bNAC |
||
| 100 |
_aNational Assosication of Counties _919992 |
||
| 245 | _aTips for conserving the environment and energy | ||
| 260 |
_aWashington _bNational Assosication of Counties _c1986 |
||
| 300 |
_a54,p: _c25cm |
||
| 942 |
_2ddc _cBK |
||